000 00723nam a22002291a 4500
003 DO-SdBNP
005 20220610100819.0
007 ta
008 220602b2019 dr a|||| |||| 00| 0 spa d
020 _a9789945169737
040 _aDO-SdBNP
_bspa
_cBNPHU
082 4 _a641.597293
_bC355r
_222
100 1 _aCastro Reyes, Virginia María
_981763
245 1 4 _aLas recetas de mi madre /
_cVirginia María Castro Reyes
260 _aSanto Domingo :
_bBúho,
_c2019.
500 _aLa biblioteca pose 3 ejemplares autográfiados
590 _aInventariado, 2022/BT
650 4 _aCocina dominicana
_9192
650 4 _aPreparación de alimentos
_9193
910 _aBtavárez/Validado. Control de calidad MFF
942 _2ddc
_cLBS1
999 _c51904
_d51904